000 00609nam a2200121Ia 4500
008 220620s9999||||xx |||||||||||||| ||und||
100 _aC. Judson King
245 4 _aThe University of California: Creating, Nurturing, and Maintaining Academic Quality in a Public University Setting
546 _aEnglish[eng]
650 _aacademic distinction||national labooratories||Clark Kerr||university governance||technology transfer||University of California||shared governance||constitutional autonomy||university admissions||research universities
856 _uhttps://escholarship.org/uc/item/6rj182v7
942 _cEB
999 _c25738
_d25738